| 000 | 00000nam##2200000za#4500 |
| 001 | 9.568549 |
| 003 | CaOODSP |
| 005 | 20210624181327 |
| 007 | cr ||||||||||| |
| 008 | 150406|1997||||xxc|||||o f|0| 0 eng|d |
| 040 | |aCaOODSP|beng |
| 043 | |an-cn--- |
| 086 | 1 |aBT31-4/18-1997E-PDF |
| 110 | 1 |aCanada. |bTreasury Board. |
| 245 | 10|aCanada Information Office, performance report for the period ending March 31, 1997 |h[electronic resource] |
| 260 | |aOttawa - Ontario : |bTreasury Board of Canada Secretariat |cc1997. |
| 300 | |a31p.|borganization chart, tables |
| 490 | 1 |aPerformance report for the period ending March 31, 1997 |vFor the period ending March 31, 1997 |
| 500 | |aThe catalogue number (BT31-4/18-1997) and ISBN (0-660-60304-7) for the bilingual print edition have been incorrectly copied in this electronic publication. |
| 590 | |a11-01-Supp|b2011-01-11 |
| 775 | 08|tBureau d'information du Canada, rapport sur le rendement pour la période se terminant le 31 mars 1997 |w(CaOODSP)9.599823 |
| 776 | 0#|tCanada Information Office|w(CaOODSP)9.529504 |
| 776 | 0#|tBureau d'information du Canada|w(CaOODSP)9.529505 |
| 830 | #0|aPerformance report for the period ending March 31, 1997 ;|vFor the period ending March 31, 1997|w(CaOODSP)9.506249 |
| 856 | 40|ahttp://publications.gc.ca|qPDF|s292 KB|uhttps://publications.gc.ca/collections/Collection/BT31-4-18-1997E.pdf|yFor the period ending March 31, 1997 |